Normal view
MARC view
- Eddy,Metcalf
Entry Personal Name
001 - CONTROL NUMBER
- control field: 7110
003 - CONTROL NUMBER IDENTIFIER
- control field: NUST
005 - DATE AND TIME OF LATEST TRANSACTION
- control field: 20171211105434.0
008 - FIXED-LENGTH DATA ELEMENTS
- fixed length control field: 171211|| aca||aabn | a|a d
040 ## - CATALOGING SOURCE
- Original cataloging agency: NUST
- Transcribing agency: NUST
100 ## - HEADING--PERSONAL NAME
- Personal name: Eddy,Metcalf
670 ## - SOURCE DATA FOUND
- Source citation: Work cat.: (NUST)0: Eddy,Metcalf, Wastewater engineering :, 2014.
